01113nas a2200313 4500001001000000003000900010005001700019007000300036008003400039040005400073041000900127072001300136100002500149100001900174100002000193245012200213650002000335650002300355650001200378650001600390650001600406650002200422650002900444773009600473909004000569942001800609999001900627952015300646BR0800553BR-BrBNA20231205111506.0ta230509b bl.|||p| |||| 00| 00por d aBR-BrBNAbporcBiblioteca Nacional de Agricultura a(Pt) aH10; H201 aMaranhão, S.R.V.L.1 aMoura, R.M. de1 aPedrosa, E.M.R.1 aReação de indivíduos segregantes de araçazeiro a Meloidogyne Incognita raça 1, M. Javanica e M. Mayaguensis aPRAGA DE PLANTA aDOENÇA DE PLANTA aARAÇA aMELOIDOGYNE aNEMATÓIDE aCONTROLE CULTURAL aRESISTÊNCIA GENÉTICA0 tNematologia Brasileira (Brazil)xISSN 0102-2997g(Dec 2003), v. 27(2) p. 173-178wBR0800553 a202311bLúciac55dLúcia Elande 2AGRISn0cANA c193034d193034 002AGRIS4071a41918b41918cPeriódicos Agrícolash(Dec 2003), v. 27(2) p. 173-178l0r2023-11-29t01yCRePortaria Interministerial nº 164/94